Provincias españolas con el mayor porcentaje de asiáticos - Estadísticas

Estadísticas generales
  • Esta prueba ha sido intentada 26 veces
  • La puntuación promedio es 8 de 10
Estadísticas de respuestas
% Provincia % Correcto
2,76 Barcelona
100%
1,54 Madrid
100%
1,24 Valencia
100%
1,10 Alicante
88%
1,09 Málaga
88%
1,35 Tarragona
88%
1,57 Gerona
83%
1,23 Baleares
75%
0,96 Las Palmas
75%
1,09 La Rioja
38%
No se encontraron pruebas coincidentes
Distribución de puntuación
Porcentaje de gente con cada puntuación
Porcentaje por número respondido
Historial de tus puntuaciones
No has intentado esta prueba.